Lil Skies Charting Songs (Billboard Hot 100) - Statistics

General Stats
  • This quiz has been taken 72 times
  • The average score is 5 of 6
Answer Stats
Album Weeks On Peak Artist(s) Song % Correct
Shelby 4 Weeks #39 Lil Skies i
98%
Life of a Dark Rose 13 Weeks #55 Lil Skies ft. Landon Cube Nowadays
98%
Life of a Dark Rose 20 Weeks #69 Lil Skies ft. Landon Cube Red Roses
90%
Life of a Dark Rose 4 Weeks #87 Lil Skies Lust
79%
Rolling Papers II 1 Week #73 Wiz Khalifa ft. Lil Skies Fr Fr
72%
Non-Album Single 3 Weeks #79 Lil Skies ft. Yung Pinch I Know You
67%
No matching quizzes found
Score Distribution
Percent of People with Each Score
Percentile by Number Answered
Your Score History
You have not taken this quiz